| 000 | 01422nam a2200313 i 4500 | ||
|---|---|---|---|
| 001 | 768714001 | ||
| 003 | CO-MdFUSB | ||
| 005 | 20240502111121.0 | ||
| 008 | 240427b2024 ck |||| |||| 001 0 eng d | ||
| 020 | _a9786289626506 | ||
| 040 |
_aCO-MdFUSB _bspa _cCO-MdFUSB _dCO-MdFUSBC _erda |
||
| 041 | _aspa | ||
| 082 |
_223 _a235.4 _bV979 |
||
| 100 |
_aVreugdenhil, Gerrit C. _eautor |
||
| 245 |
_aGuerra invisible : _bdesenmascarando la batalla espiritual en la era posmoderna _c/ Gerrit Vreugdenhil |
||
| 264 | 1 |
_bEdiciones Presencia, _aCartago, Colombia : _c[2024] |
|
| 264 | 4 | _c©2024 | |
| 300 |
_a230 páginas _c; 15 cm |
||
| 336 |
_2rdacontent _atexto _btxt |
||
| 337 |
_2rdamedia _asin mediación _bn |
||
| 338 |
_2rdacarrier _avolumen _bnc |
||
| 500 | _aDocente FUSBC | ||
| 505 |
_tParte 1: El reino de Dios y las tinieblas. _aEl reino de Dios. -- La creación en un territorio ocupado. -- La victoria sobre Jesús y el maligno. _tParte 2: Estar en guardia - El engaño del adversario. _aLa influencia de satanás. -- Acompañando a Jesús en el desierto. -- Perder terreno ante el adversario. -- El león rugiente y la iglesia. _tParte 3: Fuerte en la lucha: _aIdentidad en Cristo. -- La renovación del pensamiento. -- Equipados para la batalla. -- La buena batalla de la fe |
||
| 563 | _aRustica | ||
| 650 | 7 |
_aGuerra espiritual _92268 |
|
| 650 | 7 |
_aDemonología _92269 |
|
| 942 | _cBK | ||
| 945 | _aLuz Peña | ||
| 999 |
_c69419 _d69419 |
||